An introduction to Continuum Mechanics
Shranjeno v:
| Glavni avtor: | |
|---|---|
| Format: | Knjiga |
| Jezik: | angleščina |
| Izdano: |
San Diego
Elsevier
2003
|
| Izdaja: | 1a. ed |
| Serija: | Mathematics in Science and Engineering, 158
|
| Teme: | |
| Oznake: |
Označite
Brez oznak, prvi označite!
|
MARC
| LEADER | 00000cam a2200000 a 4500 | ||
|---|---|---|---|
| 001 | UCC6925 | ||
| 003 | CL-VaPUC | ||
| 008 | 190118e20030000us |||||||||||||||||eng|d | ||
| 020 | |a 9780123097507 | ||
| 082 | 0 | 4 | |a 531 |b GUR |2 21 |
| 100 | 0 | |a Gurtin, Morton E |e author |9 601461 | |
| 245 | 1 | 3 | |a An introduction to Continuum Mechanics |
| 250 | |a 1a. ed | ||
| 300 | |a 265 p | ||
| 942 | |c BK | ||
| 945 | |d 20190118 13:18:00 |a dcastane | ||
| 260 | |a San Diego |b Elsevier |c 2003 | ||
| 650 | 7 | |a MECANICA CONTINUA |2 CL-VaPUC |9 260982 | |
| 650 | 0 | |a Fuerza |9 345825 | |
| 650 | 0 | |a Cinética |9 260943 | |
| 650 | 0 | |a Matemática aplicada |9 260236 | |
| 583 | |a last modification |c 20190118 13:18:00 |k Rodrigo Vera | ||
| 490 | 0 | |a Mathematics in Science and Engineering, 158 | |
| 999 | |c 373750 |d 373748 | ||
| 952 | |0 0 |1 0 |3 erd |4 0 |6 531_000000000000000_GUR_2003 |7 0 |8 A |9 491978 |a BIBMAT |b BIBMAT |i 5530172 |o 531 GUR 2003 |p 5530172 |r 2025-01-07 |w 2019-11-24 |y BK |z Catalogado en:20190118 |k MAT | ||